Pittsburgh Steelers Top Players - Statistics

General Stats
  • This quiz has been taken 302 times
  • The average score is 2 of 8
Answer Stats
Hint Answer % Correct
Teddy bradhsaw
85%
Antonio Brown
31%
Franco Harris
17%
Jerome Bettis
17%
Troy polamalu
17%
Mel Blount
10%
ben rothelisberg
2%
Ben Rogh
1%
No matching quizzes found
Score Distribution
Percent of People with Each Score
Percentile by Number Answered
Your Score History
You have not taken this quiz